The noble scholar, jurist, historian


 His Excellency Dr. Abdul Wahhab bin Ibrahim Abu Sulaiman, may Allah have mercy on him.


 He was born in Umm Al-Qura in the year 1356 AH.

التاريخ والمؤرخون بمكة المكرمة في القرن العاشر الهجري ومناهجهم (Record no. 8446)

MARC details
000 -LEADER
fixed length control field 01403ctm a2200289 a 4500
003 - CONTROL NUMBER IDENTIFIER
control field SA-RiAUC
005 - DATE AND TIME OF LATEST TRANSACTION
control field 20250529055318.0
007 - PHYSICAL DESCRIPTION FIXED FIELD--GENERAL INFORMATION
fixed length control field co ug ---uuauu         
008 - FIXED-LENGTH DATA ELEMENTS--GENERAL INFORMATION
fixed length control field 250525s1993 su fsbm 00000 ara c
040 ## - CATALOGING SOURCE
Original cataloging agency SA-JeALM
Language of cataloging ara
Transcribing agency SA-RiAUC
Description conventions rda
043 ## - GEOGRAPHIC AREA CODE
Geographic area code a-su---
082 04 - DEWEY DECIMAL CLASSIFICATION NUMBER
Classification number 953.121
Assigning agency SA-RiAUC
090 ## - LOCALLY ASSIGNED LC-TYPE CALL NUMBER (OCLC); LOCAL CALL NUMBER (RLIN)
Classification number (OCLC) (R) ; Classification number, CALL (RLIN) (NR) ر 953.121
Local cutter number (OCLC) ; Book number/undivided call number, CALL (RLIN) ع ا ب
100 1# - MAIN ENTRY--PERSONAL NAME
Personal name عابد، محمد يوسف عمر
245 12 - TITLE STATEMENT
Title التاريخ والمؤرخون بمكة المكرمة في القرن العاشر الهجري ومناهجهم
Statement of responsibility, etc. محمد يوسف عمر عابد ؛ إشراف محمد الحبيب الهيله.
Medium [ملف كمبيوتر] /
260 ## - PUBLICATION, DISTRIBUTION, ETC.
Date of publication, distribution, etc. 1993
264 ## - PRODUCTION, PUBLICATION, DISTRIBUTION, MANUFACTURE, AND COPYRIGHT NOTICE
Place of production, publication, distribution, manufacture مكة المكرمة :
Name of producer, publisher, distributor, manufacturer جامعة ام القرى - كلية الشريعة والدراسات الاسلامية.
Date of production, publication, distribution, manufacture, or copyright notice 1993
300 ## - PHYSICAL DESCRIPTION
Extent 505 صفخة.
Dimensions 30 سم.
500 ## - GENERAL NOTE
General note إشراف : محمد الحبيب الهيله.
502 ## - DISSERTATION NOTE
Dissertation note أطروحة (ماجستير)-جامعة أم القرى، 1993.
504 ## - BIBLIOGRAPHY, ETC. NOTE
Bibliography, etc. note يشتمل على إرجاعات ببليوجرافية.
530 ## - ADDITIONAL PHYSICAL FORM AVAILABLE NOTE
Additional physical form available note متاحة نسخة على شكل مطبوع.
533 ## - REPRODUCTION NOTE
Type of reproduction مستنسخ إلكتروني.
Place of reproduction [د. م. :
Agency responsible for reproduction د. ن.،
Date of reproduction 19--].
Physical description of reproduction 1 قرص مدمج.
650 #7 - SUBJECT ADDED ENTRY--TOPICAL TERM
Topical term or geographic name entry element البحوث التاريخية
Geographic subdivision مكة المكرمة
Form subdivision أقراص مدمجة
Source of heading or term aucsh
942 ## - ADDED ENTRY ELEMENTS (KOHA)
Source of classification or shelving scheme Dewey Decimal Classification
Koha item type رسالة علمية
Suppress in OPAC No
949 ## - LOCAL PROCESSING INFORMATION (OCLC)
a SA-JeALM
d 250525
u osman123
n 1
Holdings
Withdrawn status Lost status Source of classification or shelving scheme Damaged status Not for loan Home library Current library Date acquired Total checkouts Full call number Barcode Date last seen Price effective from Koha item type
    Dewey Decimal Classification     DR AbdElwahab Library DR AbdElwahab Library 05/29/2025   ر 953.121 ع ا ب 000014005 05/29/2025 05/29/2025 رسالة علمية